00908cam a2200277 450000100060000000300080000600500170001400800410003102000150007203500190008704000320010604100110013808200250014910000250017424500940019926000320029330000310032535000110035650000560036750000440042350400380046765000300050565000250053565000250056070000450058513673BD-RjUL20211208235507.0140201s1974 enka b 001 0 eng d a0333152433 a(BD-RjUL)13725 aDLCcDLCdDLCdBD-RjULbeng1 aengswe00a621.381528bWAF 19741 aWallmark, J. Torkel.10aField-effect transistors in integrated circuits /cby J. T. Wallmark and L. G. Carlstedt. a :LondonbMacmillan,cc1974 a153 p. :billus. ;c24 cm. a£4.50 aDistributed in the U.S. by Halsted Press, New York. aTranslation of Fälteffekttransistorn. aIncludes bibliographies and Index 0aField-effect transistors. 0aTransistor circuits. 0aIntegrated circuits.1 aCarlstedt, Gunnar,d1946-ejoint author.